[Event "Championnat de France des Jeunes - Benjamines"]
[Site "LE GRAND BORNAND"]
[Date ""]
[Round "1.1"]
[White "Auvray, Juliette"]
[Black "Seelen, Amandine"]
[Result "1-0"]
[WhiteElo "1908"]
[BlackElo "1510"]
[Annotator ""]

1. e4 d5 2. exd5 Qxd5 3. Nc3 Qa5 4. d4 Nf6 5. Nf3 Bg4 6. h3 Bh5 7. g4
Bg6 8. Ne5 c6 9. h4 Be4 10. Nc4 Qc7 11. Nxe4 Nxe4 12. Qf3 Nf6 13. Ne5
e6 14. Bg5 Nd5 15. Bd2 Bd6 16. Nc4 Be7 17. Bd3 Nd7 18. O-O-O Bf6 19.
c3 O-O-O 20. g5 Be7 21. Qxf7 b5 22. Ne3 Nf4 23. Bc2 Bd6 24. Ng4 h5 25.
gxh6ep gxh6 26. Bxf4 Bxf4+ 27. Kb1 h5 28. Ne3 e5 29. dxe5 Qxe5 30. Bf5
Qc7 31. Bxd7+ Rxd7 32. Rxd7 Qxd7 33. Qxf4 Qd3+ 34. Kc1 Kb7 35. Rd1 Qg6
36. Rd7+ Kb6 37. Qc7+ 1-0

[Event "Championnat de France des Jeunes - Benj"]
[Site "LE GRAND BORNAND"]
[Date "????.??.??"]
[Round "1.2"]
[White "Lamberti, Carla"]
[Black "Kohi, Camilla"]
[Result "0-1"]
[WhiteElo "1500"]
[BlackElo "1875"]
[PlyCount "70"]

1. e4 e6 2. d4 d5 3. Nc3 Nf6 4. Bd3 c5 5. exd5 exd5 6. Be3 cxd4 7. Bxd4 Nc6 8.
Bxf6 gxf6 9. Nf3 Be6 10. O-O Bg7 11. Ne2 O-O 12. h3 Kh8 13. c3 Rg8 14. Nf4 Bh6
15. Nxe6 fxe6 16. Qc2 Qd7 17. Rae1 e5 18. Bf5 Qg7 19. g3 e4 20. Nd4 e3 21. g4
Nxd4 22. cxd4 Rae8 23. Bxh7 exf2+ 24. Kxf2 Qxh7 25. Qxh7+ Kxh7 26. Kg2 Kg7 27.
Rc1 Bxc1 28. Rxc1 Re2+ 29. Kf3 Rge8 30. Rc7+ R8e7 31. Rc1 Rxb2 32. Kg3 Rxa2 33.
Rc5 Ra3+ 34. Kf4 Re4+ 35. Kf5 Rf3# 0-1

[Event "Championnat de France des Jeunes - Benja"]
[Site "LE GRAND BORNAND"]
[Date "????.??.??"]
[Round "1.3"]
[White "De Seroux, Camille"]
[Black "Ranc, Candice"]
[Result "1-0"]
[WhiteElo "1871"]
[BlackElo "1490"]
[PlyCount "85"]

1. e4 e5 2. Nf3 Nc6 3. Bc4 Nf6 4. Ng5 d5 5. exd5 Na5 6. Bb5+ c6 7. dxc6 bxc6 8.
Qf3 Bb7 9. Ba4 h6 10. Ne4 Be7 11. Nxf6+ gxf6 12. c3 Qb6 13. Qe4 Kf8 14. b4 c5
15. bxa5 Bxe4 16. axb6 axb6 17. Bb3 Bxg2 18. Rg1 Bc6 19. Bb2 Rd8 20. a4 f5 21.
c4 f6 22. Bc2 e4 23. Nc3 Kf7 24. Ne2 Bd6 25. Ng3 Rhg8 26. O-O-O Bxg3 27. Rxg3
Rxg3 28. fxg3 Ra8 29. Rf1 Kg6 30. g4 Bd7 31. gxf5+ Bxf5 32. Bxf6 Kxf6 33. Bxe4
Ke5 34. Bxa8 h5 35. Bd5 Bg4 36. Bf3 Kf4 37. Bxg4+ Kxg4 38. Rf6 Kh3 39. Rxb6 h4
40. Rc6 Kxh2 41. Rxc5 h3 42. Rh5 Kg2 43. a5 1-0

[Event "Championnat de France des Jeunes - Benja"]
[Site "LE GRAND BORNAND"]
[Date "????.??.??"]
[Round "1.4"]
[White "Boissonnier, Karina"]
[Black "Neuhauser, Salome"]
[Result "0-1"]
[WhiteElo "1480"]
[BlackElo "1866"]
[PlyCount "76"]

1. e4 e5 2. Nf3 Nc6 3. c3 Nf6 4. d4 Nxe4 5. d5 Nb8 6. Nxe5 d6 7. Qa4+ c6 8.
Nxc6 Nc5 9. Nxd8+ Nxa4 10. Bb5+ Kxd8 11. Bxa4 Bf5 12. O-O Nd7 13. Na3 Nc5 14.
Bb3 Be7 15. Bf4 Nd3 16. Bg3 Nxb2 17. Nb5 Kd7 18. Nd4 Bg6 19. Bc2 Bxc2 20. Nxc2
Na4 21. c4 b6 22. Ne3 Bf6 23. Rac1 Nc3 24. Rc2 g6 25. Re1 Rhe8 26. Kf1 Rac8 27.
Ng4 Rxe1+ 28. Kxe1 Bg7 29. Nh6 Re8+ 30. Kf1 Bxh6 31. f3 Nd1 32. Re2 Rxe2 33.
Kxe2 Nc3+ 34. Kd3 Nxa2 35. h3 Nc1+ 36. Kc2 Ne2 37. Bf2 Bg7 38. Kb3 Nf4 0-1

[Event "Championnat de France des Jeunes - Benja"]
[Site "LE GRAND BORNAND"]
[Date "????.??.??"]
[Round "1.5"]
[White "Le Bail, Arielle"]
[Black "Perrier, Lea"]
[Result "1-0"]
[WhiteElo "1855"]
[BlackElo "1480"]
[PlyCount "59"]

1. d4 d5 2. c4 c6 3. Nf3 Nf6 4. e3 e6 5. Nbd2 Nbd7 6. b3 g6 7. Bb2 Bg7 8. Bd3
c5 9. O-O b6 10. e4 dxe4 11. Bxe4 Nxe4 12. Nxe4 O-O 13. Ne5 Nxe5 14. dxe5 Qc7
15. Nd6 Rd8 16. Qf3 Rb8 17. Rad1 Ba6 18. Qe2 Qc6 19. Rd3 Rd7 20. Rfd1 Rbd8 21.
Bc1 Bf8 22. Bg5 Be7 23. Bxe7 Rxe7 24. Nf5 Red7 25. Ne7+ Rxe7 26. Rxd8+ Kg7 27.
Qg4 b5 28. Qg5 Qc7 29. Qf6+ Kh6 30. R1d3 1-0

[Event "Championnat de France des Jeunes - Benja"]
[Site "LE GRAND BORNAND"]
[Date "????.??.??"]
[Round "1.6"]
[White "Roger, Juliette"]
[Black "Lefevre, Margaux"]
[Result "0-1"]
[WhiteElo "1470"]
[BlackElo "1855"]
[PlyCount "54"]

1. e4 c5 2. Nf3 Nc6 3. Nc3 d6 4. d4 cxd4 5. Nxd4 Nf6 6. Bb5 Bd7 7. Nxc6 Bxc6 8.
Bxc6+ bxc6 9. O-O g6 10. Re1 Nd7 11. Qd4 e5 12. Qa4 Qc7 13. Bg5 Rb8 14. Rab1 h6
15. Be3 a5 16. h3 Rb4 17. Qa3 f5 18. exf5 gxf5 19. Bd2 Rd4 20. Be3 Rc4 21. Bd2
d5 22. Qb3 Nc5 23. Nxd5 cxd5 24. Qb5+ Kf7 25. Bxa5 Qd7 26. Qb6 Bd6 27. c3 Rb8
0-1

[Event "Championnat de France des Jeunes - Benja"]
[Site "LE GRAND BORNAND"]
[Date "????.??.??"]
[Round "1.7"]
[White "Abidi, Ines"]
[Black "Pinault, Mailys"]
[Result "1-0"]
[WhiteElo "1800"]
[BlackElo "1460"]
[PlyCount "87"]

1. d4 d5 2. e3 Nf6 3. Bd3 e6 4. c3 c5 5. f4 Bd6 6. Nf3 Nc6 7. Nbd2 O-O 8. O-O
Qc7 9. Ne5 Rd8 10. Rf3 b6 11. Rh3 Bb7 12. Bxh7+ Kf8 13. Bd3 c4 14. Bc2 b5 15.
g4 a5 16. g5 Ne8 17. Rh8+ Ke7 18. Qh5 Bxe5 19. fxe5 Qb6 20. e4 Nc7 21. Rxd8
Rxd8 22. exd5 Nxd5 23. Ne4 Ba6 24. Bd2 b4 25. Rf1 Rf8 26. Qh4 Ke8 27. Nd6+ Kd7
28. Qh7 b3 29. axb3 cxb3 30. Qxg7 Bxf1 31. Qxf8 Ba6 32. Qxf7+ Nde7 33. Be4 Qd8
34. g6 Qg8 35. Qxg8 Nxg8 36. h4 Nce7 37. h5 Be2 38. h6 Nxh6 39. Bxh6 a4 40. Kf2
Bh5 41. g7 a3 42. bxa3 b2 43. a4 Kc7 44. Bb1 1-0

[Event "Championnat de France des Jeunes - Benja"]
[Site "LE GRAND BORNAND"]
[Date "????.??.??"]
[Round "1.9"]
[White "Berthelot, Maeva"]
[Black "Colin, Anais"]
[Result "1-0"]
[WhiteElo "1782"]
[BlackElo "1400"]
[PlyCount "93"]

1. e4 e5 2. d4 exd4 3. Qxd4 Nc6 4. Qe3 d6 5. Nc3 Be6 6. Bd2 Qd7 7. f4 f6 8.
O-O-O O-O-O 9. Bb5 Nge7 10. Nge2 d5 11. exd5 Nxd5 12. Bxc6 Qxc6 13. Qxa7 Nb6
14. Be3 Bc5 15. Bxc5 Qxc5 16. Rhe1 Qe3+ 17. Kb1 Rxd1+ 18. Rxd1 Rd8 19. Rxd8+
Kxd8 20. Qxb7 Qd2 21. Qe4 Qe1+ 22. Nc1 Qxe4 23. Nxe4 Bd5 24. Nc5 Bxg2 25. Ne6+
Kd7 26. Nxg7 Nd5 27. Nd3 Bf1 28. Nh5 Be2 29. Ng3 Bxd3 30. cxd3 Nxf4 31. Ne4 Ke6
32. Kc2 Nd5 33. a4 f5 34. Ng5+ Ke5 35. Nxh7 Kd4 36. a5 Nb4+ 37. Kd2 c5 38. b3
f4 39. Ng5 Ke5 40. Nf3+ Kf5 41. h3 Nd5 42. a6 Ke6 43. a7 Nc7 44. d4 cxd4 45.
Nxd4+ Kd5 46. Kd3 Kc5 47. Ne6+ 1-0

[Event "Championnat de France des Jeunes - Benja"]
[Site "LE GRAND BORNAND"]
[Date "????.??.??"]
[Round "1.10"]
[White "Turquetille, Annabelle"]
[Black "Alonso, Audrey"]
[Result "0-1"]
[WhiteElo "1390"]
[BlackElo "1770"]
[PlyCount "62"]

1. e4 e5 2. Nf3 Nc6 3. Nc3 Nf6 4. d4 exd4 5. Nxd4 Bb4 6. Nxc6 Bxc3+ 7. bxc3
bxc6 8. Bg5 Qe7 9. Qd4 Qxe4+ 10. Qxe4+ Nxe4 11. Be3 O-O 12. c4 d5 13. Bd3 Re8
14. O-O Nd6 15. c5 Ne4 16. Rfe1 Bd7 17. Bxe4 Rxe4 18. Rab1 Rae8 19. Rb7 d4 20.
Rxc7 dxe3 21. Rxe3 Rxe3 22. fxe3 Bf5 23. Rxa7 Bxc2 24. a4 Kf8 25. Kf2 Re5 26.
Ra5 Ke7 27. Ra7+ Ke6 28. a5 Rxc5 29. Ke2 Be4 30. Kd2 Bxg2 31. a6 Ra5 0-1

[Event "Championnat de France des Jeunes - Benja"]
[Site "LE GRAND BORNAND"]
[Date "????.??.??"]
[Round "1.11"]
[White "Mallet, Berenice"]
[Black "Bourdaim, Hanna"]
[Result "1-0"]
[WhiteElo "1730"]
[BlackElo "1380"]
[PlyCount "67"]

1. d4 d5 2. c4 Nf6 3. Nc3 c6 4. Nf3 Bf5 5. cxd5 cxd5 6. Qb3 b6 7. Bg5 Nbd7 8.
e3 e6 9. Bb5 Be7 10. Ne5 O-O 11. Nc6 Qe8 12. O-O a6 13. Nxe7+ Qxe7 14. Bxd7
Qxd7 15. Bxf6 gxf6 16. Qxb6 Rfb8 17. Qa5 Rxb2 18. Na4 Rb5 19. Nc5 Qc6 20. Qa3
e5 21. Rfc1 Qb6 22. h3 Ra5 23. Qb3 Rb5 24. Qxd5 Rd8 25. Qf3 Bg6 26. Qg4 exd4
27. exd4 Rb4 28. Nb3 Ra4 29. Rc2 Kf8 30. Rd2 h5 31. Qf4 Kg7 32. Rc1 Rd5 33. Qc7
Qe6 34. Nc5 1-0

[Event "Championnat de France des Jeunes - Benja"]
[Site "LE GRAND BORNAND"]
[Date "????.??.??"]
[Round "1.12"]
[White "Malosse, Marie-Cecile"]
[Black "Bellotti, Charlotte"]
[Result "1-0"]
[WhiteElo "1360"]
[BlackElo "1720"]
[PlyCount "37"]

1. e4 c5 2. Nf3 e6 3. d4 cxd4 4. Nxd4 Bc5 5. Bc4 Qb6 6. c3 Nc6 7. O-O Nxd4 8.
cxd4 Bxd4 9. Nc3 Bxc3 10. bxc3 Ne7 11. Ba3 Ng6 12. Qg4 Qc6 13. Bb3 Qxc3 14.
Rac1 Qf6 15. Rc2 Qf4 16. Qd1 b6 17. Ba4 Qxe4 18. Rxc8+ Rxc8 19. Qxd7# 1-0

[Event "Championnat de France des Jeunes - Benja"]
[Site "LE GRAND BORNAND"]
[Date "????.??.??"]
[Round "1.13"]
[White "Armas, Lena"]
[Black "Mallet, Clotilde"]
[Result "1-0"]
[WhiteElo "1697"]
[BlackElo "1350"]
[PlyCount "95"]

1. e4 e6 2. d3 d5 3. Qe2 Nf6 4. g3 Be7 5. Bg2 b6 6. Bf4 Bb7 7. Nc3 Bb4 8. a3
Bxc3+ 9. bxc3 dxe4 10. dxe4 Nbd7 11. Bf3 e5 12. Bg5 h6 13. Bxf6 Nxf6 14. Qb5+
Nd7 15. Rd1 a6 16. Qb4 c5 17. Qb3 O-O 18. Bg4 Bc6 19. Bxd7 Bxd7 20. Qd5 Ra7 21.
Qxe5 Qc7 22. Qxc7 Rxc7 23. Rd6 Rc6 24. Rxd7 Re8 25. f3 a5 26. c4 Rb8 27. a4
Rcc8 28. Nh3 Rd8 29. Rd5 Re8 30. Ke2 Rbd8 31. Rb1 Rxd5 32. cxd5 Rb8 33. c4 Kf8
34. d6 f6 35. f4 Kf7 36. e5 fxe5 37. fxe5 Ke6 38. Nf4+ Kxe5 39. d7 Rd8 40. Rd1
Kf6 41. Nd5+ Ke6 42. Nxb6 Ke7 43. Kf3 Kf6 44. Rd5 Ke6 45. Rxc5 Kd6 46. Rc8 Rxd7
47. Nxd7 Kxd7 48. Ra8 1-0

[Event "Championnat de France des Jeunes - Benja"]
[Site "LE GRAND BORNAND"]
[Date "????.??.??"]
[Round "1.14"]
[White "Novello, Celia"]
[Black "Guo, Charlotte"]
[Result "0-1"]
[WhiteElo "1340"]
[BlackElo "1680"]
[PlyCount "38"]

1. e4 e5 2. Nf3 Nc6 3. Nc3 Nf6 4. Bb5 a6 5. Bc4 Nxe4 6. Nxe5 Nxe5 7. Qe2 Nxc4
8. Nxe4 Be7 9. Qxc4 d5 10. Qa4+ Bd7 11. Qb3 dxe4 12. Qxb7 c6 13. Qb3 O-O 14.
Qc4 Re8 15. O-O Bf6 16. Re1 Rb8 17. c3 Rb5 18. Rxe4 Rxe4 19. Qxe4 Re5 0-1

[Event "Championnat de France des Jeunes - Benja"]
[Site "LE GRAND BORNAND"]
[Date "????.??.??"]
[Round "1.15"]
[White "Llacer, Cassandra"]
[Black "Generet, Elise"]
[Result "1-0"]
[WhiteElo "1660"]
[BlackElo "1330"]
[PlyCount "57"]

1. e4 e5 2. Bc4 Bc5 3. Nc3 Nf6 4. d3 Nc6 5. f4 d6 6. Na4 Bb6 7. Nxb6 axb6 8.
Nf3 exf4 9. Bxf4 Be6 10. Bb3 O-O 11. O-O Ng4 12. Bxe6 fxe6 13. Ng5 e5 14. Qxg4
Rxf4 15. Qe6+ Kh8 16. Nf7+ Rxf7 17. Qxf7 Ne7 18. a3 Ng8 19. Rf3 Nf6 20. Rg3 Qf8
21. Qxc7 Rc8 22. Qxb6 Rxc2 23. Qxb7 Qg8 24. Rf1 Qf8 25. Rh3 Rd2 26. b4 Qd8 27.
Rxf6 Rd1+ 28. Rf1 Rd2 29. Rhf3 1-0

[Event "Championnat de France des Jeunes - Pupilles"]
[Site "LE GRAND BORNAND"]
[Date ""]
[Round "1.1"]
[White "Loiseau, Quentin"]
[Black "Jouanneau, Armand"]
[Result "1-0"]
[WhiteElo "2010"]
[BlackElo "1620"]
[Annotator ""]

1. e4 e5 2. Nf3 Nc6 3. Bb5 a6 4. Ba4 d6 5. O-O Nf6 6. Re1 Be7 7. c3 b5
8. Bc2 O-O 9. a4 b4 10. d4 bxc3 11. bxc3 Bg4 12. Re3 Na5 13. Qd3 Bxf3
14. Rxf3 Qd7 15. Ba3 d5 16. Rxf6 Bxf6 17. exd5 g6 18. Bxf8 Kxf8 19.
Qf3 Kg7 20. dxe5 Bxe5 21. Nd2 Rd8 22. Rd1 Qxd5 23. Ne4 Qa8 24. Qe3 Re8
25. Qd3 Qc6 26. g3 Nb7 27. f4 Rd8 28. Qe3 Rxd1+ 29. Bxd1 Bd6 30. Qd4+
Kg8 31. Nf6+ Kg7 32. Ng4+ Kf8 33. Qh8+ Ke7 34. Qf6+ Ke8 35. Ne3 Qb6
36. Kf2 Nc5 37. Qd4 Qc6 38. Nd5 Ne6 39. Qe4 Qc5+ 40. Kg2 Kd8 41. Be2
c6 42. Nf6 Qxc3 43. Nxh7 Nc5 44. Qxc6 Qd2 45. Qf3 Qc2 46. Ng5 Ke8 47.
Qe3+ Be7 48. a5 Nb3 49. Qe4 Qd2 50. Qc6+ Kf8 51. Qa8+ Kg7 52. Qxa6
Nxa5 53. Nf3 Qa2 54. Ne5 Bf6 55. Nf3 Bc3 56. Qd3 Qb2 57. g4 Nb3 58.
Qb5 Qc2 59. Qc4 Nc1 60. Kf2 Kg8 61. Ng5 Bd4+ 62. Kf3 Qxe2+ 63. Qxe2
Nxe2 64. Kxe2 Kg7 65. Kd3 Bg1 66. Nf3 Bc5 67. Ke4 Bd6 68. h4 Bc7 69.
f5 Bd8 70. Ng5 Kf6 71. Nh7+ Kg7 72. Ng5 Kf6 73. Kf4 Bc7+ 74. Ke4 Bd8
75. Nf3 Kg7 76. Kd5 Be7 77. Ke5 Bf6+ 78. Kf4 Bd8 79. g5 Kh7 80. f6 Kg8
81. Ke4 Bc7 82. Kd5 Bf4 83. Kc6 Kf8 84. Kd7 Bg3 85. Kd8 Bf2 86. Kd7
Bg3 87. h5 gxh5 88. g6 fxg6 89. Ke6 Bf4 90. Nh4 Kg8 91. f7+ Kg7 92.
Nxg6 Bd6 93. Ne7 Kf8 94. Nf5 Ba3 95. Kf6 Bb2+ 96. Kg6 Be5 97. Nh4 Bd6
98. Nf3 Ba3 99. Ng5 Ke7 100. Kg7 Kd7 101. Kf6 h4 102. Nh3 Bb4 103. Nf4
Ba3 104. Kg6 Bb4 105. Kg7 Ba3 106. Nh3 Bb4 107. Ng5 Ba3 108. Kg6 Bb4
109. Kh5 Ba3 110. Kxh4 Bb4 111. Kg4 Ba3 112. Kf5 Bb4 113. Nf3 Ba3 114.
Ne5+ Kc7 115. Ke6 Bb4 116. Ng6 Kd8 117. Nf4 Ba3 118. Nd3 Bf8 119. Ne5
Kc7 120. Ng6 Bh6 121. Ke7 Kc8 122. Nh4 Bg5+ 123. Ke8 Bxh4 124. f8Q Bd8
125. Qf5+ Kc7 126. Qc5+ 1-0

[Event "Championnat de France des Jeunes - Pupil"]
[Site "LE GRAND BORNAND"]
[Date "????.??.??"]
[Round "1.2"]
[White "Rouffignac, Tanguy"]
[Black "Giroyan, Gary"]
[Result "0-1"]
[WhiteElo "1610"]
[BlackElo "1967"]
[PlyCount "33"]

1. e4 c5 2. Nf3 d6 3. d4 cxd4 4. Nxd4 Nf6 5. Nc3 a6 6. Be3 e6 7. Be2 Be7 8. f4
Nbd7 9. O-O O-O 10. Qe1 Re8 11. Qg3 Qc7 12. a4 b6 13. Bf3 Bb7 14. e5 dxe5 15.
fxe5 Nxe5 16. Bxb7 Qxb7 17. Qxe5 0-1

[Event "Championnat de France des Jeunes - Pupil"]
[Site "LE GRAND BORNAND"]
[Date "????.??.??"]
[Round "1.3"]
[White "Cabanes, Kim"]
[Black "Cohen-Codar, Ariel"]
[Result "1-0"]
[WhiteElo "1903"]
[BlackElo "1600"]
[PlyCount "49"]

1. e4 e6 2. d4 d5 3. Nd2 a6 4. c3 c5 5. Ngf3 Nc6 6. exd5 exd5 7. Nb3 c4 8. Nbd2
Nf6 9. a4 Bg4 10. Be2 Bd6 11. h3 Bh5 12. O-O O-O 13. Re1 Re8 14. Nf1 Qc7 15.
Ne3 Ne4 16. Nxd5 Qc8 17. Nb6 Qb8 18. Nxa8 Bxf3 19. Bxf3 Bh2+ 20. Kf1 Nxf2 21.
Rxe8+ Qxe8 22. Kxf2 Qxa8 23. g3 Qc8 24. Kg2 Qf5 25. Kxh2 1-0

[Event "Championnat de France des Jeunes - Pupil"]
[Site "LE GRAND BORNAND"]
[Date "????.??.??"]
[Round "1.4"]
[White "Damour, Theo"]
[Black "Grandadam, Patrick"]
[Result "0-1"]
[WhiteElo "1590"]
[BlackElo "1903"]
[PlyCount "68"]

1. e4 e6 2. d4 d5 3. Nc3 Nf6 4. e5 Nfd7 5. a3 c5 6. Be3 Nc6 7. Nf3 cxd4 8. Bxd4
Nxd4 9. Qxd4 Bc5 10. Qg4 O-O 11. b4 Bb6 12. Bd3 g6 13. O-O a6 14. Rfe1 Qc7 15.
Na4 Ba7 16. Nb2 b5 17. Qh4 Kg7 18. Re2 Nb6 19. Ree1 Bb7 20. Rac1 Rae8 21. Qf6+
Kg8 22. Qh4 Qe7 23. Qxe7 Rxe7 24. c3 Kg7 25. h3 Nd7 26. Nd4 f6 27. f4 fxe5 28.
fxe5 Rf4 29. g3 Rxd4 30. cxd4 Bxd4+ 31. Kg2 Nxe5 32. Rxe5 Bxe5 33. Nd1 Rc7 34.
Rxc7+ Bxc7 0-1

[Event "Championnat de France des Jeunes - Pupil"]
[Site "LE GRAND BORNAND"]
[Date "????.??.??"]
[Round "1.5"]
[White "Feryn, Benjamin"]
[Black "Masson, Clement"]
[Result "1-0"]
[WhiteElo "1886"]
[BlackElo "1590"]
[PlyCount "63"]

1. e4 e6 2. d4 d5 3. Nc3 dxe4 4. Nxe4 Be7 5. Nf3 Nd7 6. Bd3 Ngf6 7. O-O O-O 8.
c3 b6 9. Qc2 Bb7 10. Nfd2 Rc8 11. Nxf6+ Nxf6 12. Nb3 Qd5 13. f3 c5 14. dxc5
bxc5 15. Rd1 Qh5 16. Be2 Nd5 17. Qe4 Nxc3 18. Qxb7 Nxe2+ 19. Kf1 Nxc1 20. Raxc1
Bf6 21. Kg1 Bxb2 22. Rc2 Be5 23. h3 Qf5 24. Rcd2 Qf4 25. Qxc8 Bd4+ 26. Rxd4
Qe3+ 27. Kh1 cxd4 28. Qc1 Qxc1 29. Rxc1 d3 30. Rd1 Rd8 31. Nc5 d2 32. Nb3 1-0

[Event "Championnat de France des Jeunes - Pupil"]
[Site "LE GRAND BORNAND"]
[Date "????.??.??"]
[Round "1.6"]
[White "Anres, Pierre"]
[Black "Thon, Gabriel"]
[Result "0-1"]
[WhiteElo "1580"]
[BlackElo "1875"]
[PlyCount "40"]

1. d4 Nf6 2. Nf3 g6 3. Bf4 Bg7 4. e3 d5 5. c4 c6 6. Nc3 Nbd7 7. Qb3 Nb6 8. Be2
dxc4 9. Bxc4 Nxc4 10. Qxc4 Be6 11. Qd3 Nh5 12. Bg3 Nxg3 13. hxg3 O-O 14. Ng5
Qb6 15. b3 Bf5 16. e4 Qxd4 17. Qxd4 Bxd4 18. exf5 Bxc3+ 19. Ke2 Bxa1 20. Rxh7
Bg7 0-1

[Event "Championnat de France des Jeunes - Pupil"]
[Site "LE GRAND BORNAND"]
[Date "????.??.??"]
[Round "1.7"]
[White "Ton-That, Nicolas"]
[Black "Jaouen, Valentin"]
[Result "1-0"]
[WhiteElo "1862"]
[BlackElo "1580"]
[PlyCount "113"]

1. c4 e5 2. Nc3 Nc6 3. Nf3 Nf6 4. g3 Bc5 5. Bg2 O-O 6. O-O d6 7. d3 a6 8. e3
Be6 9. a3 Qd7 10. b4 Ba7 11. Bb2 e4 12. Ng5 exd3 13. Qxd3 Ne5 14. Qe2 Rab8 15.
Rad1 Ng6 16. Nxe6 fxe6 17. Ne4 Nxe4 18. Bxe4 Qf7 19. Kh1 b5 20. cxb5 axb5 21.
Rd2 d5 22. Bd3 Qf3+ 23. Qxf3 Rxf3 24. Rc1 Rb7 25. Rc6 Kf7 26. Kg2 Rf6 27. Bxf6
gxf6 28. Rdc2 Bb8 29. Bxg6+ hxg6 30. f4 Ke7 31. Kf3 Kd7 32. Ra6 Ra7 33. Rxa7
Bxa7 34. h4 f5 35. h5 gxh5 36. Rh2 Kd6 37. Rxh5 c5 38. Ke2 c4 39. Kd2 Bb6 40.
Rg5 Bd8 41. Rg6 Bb6 42. g4 fxg4 43. Rxg4 Bd8 44. Rg6 Kd7 45. Rh6 Be7 46. Kc3
Bd8 47. Kc2 Bc7 48. Kd2 Bd8 49. Ke2 Be7 50. Kf3 Bd8 51. Rg6 Be7 52. Rg2 Bf6 53.
Kg4 Ba1 54. Ra2 Bf6 55. Kh5 d4 56. exd4 Bxd4 57. Rd2 1-0

[Event "Championnat de France des Jeunes - Pupil"]
[Site "LE GRAND BORNAND"]
[Date "????.??.??"]
[Round "1.9"]
[White "Perrois, Aurelien"]
[Black "Martin, Axel"]
[Result "1/2-1/2"]
[WhiteElo "1860"]
[BlackElo "1570"]
[PlyCount "72"]

1. d4 d5 2. Nf3 Nf6 3. Bf4 Bf5 4. e3 e6 5. Nbd2 Bd6 6. Bg3 O-O 7. Be2 h6 8. O-O
Bxg3 9. hxg3 Nbd7 10. c4 c6 11. cxd5 exd5 12. Nb3 Re8 13. Bd3 Bxd3 14. Qxd3 Ne4
15. Nfd2 Ndf6 16. Nxe4 Nxe4 17. Nd2 Qc7 18. Nxe4 Rxe4 19. Rfc1 Qb6 20. Qb3 Qxb3
21. axb3 Kf8 22. Re1 a6 23. f3 Re7 24. e4 Rae8 25. e5 c5 26. dxc5 Rxe5 27. Rxe5
Rxe5 28. Kf2 d4 29. b4 Ke7 30. Re1 Rxe1 31. Kxe1 Ke6 32. Kd2 Kd5 33. Kd3 g6 34.
g4 f6 35. g3 Ke5 36. f4+ Kd5 1/2-1/2

[Event "Championnat de France des Jeunes - Pupil"]
[Site "LE GRAND BORNAND"]
[Date "????.??.??"]
[Round "1.10"]
[White "Robert, Pierre-Alexandre"]
[Black "Lemeille, Francois"]
[Result "1/2-1/2"]
[WhiteElo "1570"]
[BlackElo "1840"]
[PlyCount "83"]

1. d4 Nf6 2. Bf4 e6 3. e3 b6 4. c4 Bb7 5. Nf3 Bb4+ 6. Nc3 Ne4 7. Rc1 O-O 8. Be2
f5 9. O-O Bxc3 10. bxc3 d6 11. Qb3 Qe7 12. Rfd1 Nd7 13. Rc2 e5 14. c5+ Kh8 15.
cxd6 cxd6 16. dxe5 dxe5 17. Qb5 Nec5 18. Bg5 Qe6 19. Bc4 Qg6 20. Rxd7 Nxd7 21.
Qxd7 Bxf3 22. gxf3 Rad8 23. Qe7 Rfe8 24. Bf7 Rd1+ 25. Kg2 Rxe7 26. Bxg6 Red7
27. Bxf5 R7d2 28. Rxd2 Rxd2 29. a3 Kg8 30. Be7 Kf7 31. Bh4 g6 32. Be4 Ke6 33.
Kf1 Ra2 34. Ke1 Rxa3 35. Kd2 Ra4 36. Kc2 Rc4 37. Kb3 b5 38. Bd8 Rc8 39. Ba5 Rc4
40. Bd3 Rh4 41. Bxb5 Rxh2 42. c4 1/2-1/2

[Event "Championnat de France des Jeunes - Pupil"]
[Site "LE GRAND BORNAND"]
[Date "????.??.??"]
[Round "1.11"]
[White "Paci, Nicolas"]
[Black "Wurtz, Guillaume"]
[Result "1-0"]
[WhiteElo "1840"]
[BlackElo "1569"]
[PlyCount "83"]

1. e4 e6 2. Nf3 d5 3. e5 c5 4. b4 cxb4 5. a3 bxa3 6. Bxa3 Bxa3 7. Nxa3 Ne7 8.
d4 Nbc6 9. c3 O-O 10. Bd3 Ng6 11. Qc2 f5 12. O-O Nf4 13. Rfb1 Nxd3 14. Qxd3 b6
15. Nb5 a5 16. Nd6 Ba6 17. Qd2 h6 18. Qb2 Bd3 19. Rd1 Ba6 20. Rdb1 Rb8 21. Ne1
g5 22. Qd2 f4 23. Qc2 Kg7 24. f3 h5 25. Nd3 g4 26. Kh1 Ne7 27. h3 Nf5 28. Nxf5+
Rxf5 29. Nf2 gxf3 30. gxf3 Kh6 31. Rg1 Rc8 32. Nd3 Bxd3 33. Qxd3 Qh4 34. Kh2
Qf2+ 35. Rg2 Qe3 36. Qa6 Qxc3 37. Rag1 Rf7 38. Qxb6 Qc6 39. Qxa5 Ra8 40. Qc5
Qa6 41. Rg6+ Kh7 42. Qc2 1-0

[Event "Championnat de France des Jeunes - Pupil"]
[Site "LE GRAND BORNAND"]
[Date "????.??.??"]
[Round "1.12"]
[White "Bedini, Johann"]
[Black "Valente, Alexandre"]
[Result "1/2-1/2"]
[WhiteElo "1560"]
[BlackElo "1840"]
[PlyCount "41"]

1. e4 c5 2. Nf3 d6 3. d4 cxd4 4. Nxd4 Nf6 5. Nc3 a6 6. Bc4 Nc6 7. O-O e6 8.
Nxc6 bxc6 9. Bg5 Be7 10. Qd2 O-O 11. Rad1 d5 12. exd5 cxd5 13. Bb3 Bb7 14. Rfe1
Qc7 15. Re3 Ng4 16. Rg3 Nf6 17. Bh6 Nh5 18. Rh3 Nf6 19. Rg3 Nh5 20. Rh3 Nf6 21.
Rg3 1/2-1/2

[Event "Championnat de France des Jeunes - Pupil"]
[Site "LE GRAND BORNAND"]
[Date "????.??.??"]
[Round "1.13"]
[White "Kirk, Ezra"]
[Black "Danglades, Lionel"]
[Result "1-0"]
[WhiteElo "1830"]
[BlackElo "1560"]
[PlyCount "51"]

1. d4 d5 2. c4 c6 3. Nc3 Nf6 4. Nf3 h6 5. e3 Bf5 6. Be2 e6 7. O-O Be7 8. Re1 a6
9. c5 b6 10. b4 a5 11. bxa5 Rxa5 12. cxb6 Qxb6 13. Bd3 Bxd3 14. Qxd3 c5 15. Rb1
Qc7 16. Bd2 Qc8 17. Nxd5 Rxa2 18. Nxe7 Kxe7 19. dxc5 Rd8 20. Qb3 Ra7 21. Nd4
Nd5 22. e4 Nf6 23. Bc3 Ra6 24. Qb7+ Nbd7 25. c6 Ke8 26. cxd7+ 1-0

[Event "Championnat de France des Jeunes - Pupil"]
[Site "LE GRAND BORNAND"]
[Date "????.??.??"]
[Round "1.15"]
[White "Roubaud, Alexandre"]
[Black "Sely, Anthony"]
[Result "1-0"]
[WhiteElo "1821"]
[BlackElo "1550"]
[PlyCount "39"]

1. e4 e5 2. Nf3 Nc6 3. d4 exd4 4. Nxd4 Bc5 5. Be3 Qf6 6. c3 b6 7. Bc4 Nxd4 8.
Bxd4 Bxd4 9. cxd4 Bb7 10. Nc3 Qe7 11. O-O Nf6 12. e5 Ne4 13. Nd5 Qd8 14. Qg4
Ng5 15. f4 Ne6 16. f5 h5 17. Qg3 Nxd4 18. Qxg7 Rf8 19. Nf6+ Ke7 20. Nh7 1-0

[Event "Championnat de France des Jeunes - Pupillettes"]
[Site "LE GRAND BORNAND"]
[Date ""]
[Round "1.1"]
[White "Razanajato, Oniravaka"]
[Black "Aflalo, Sophie"]
[Result "0-1"]
[WhiteElo "1380"]
[BlackElo "1954"]
[Annotator ""]

1. e4 c5 2. Nf3 Nc6 3. d4 cxd4 4. Nxd4 Nf6 5. Nc3 e5 6. Nb3 Bb4 7. Bd2
Bxc3 8. Bxc3 Nxe4 9. Bxe5 Qe7 10. f4 Nxe5 11. fxe5 Qh4+ 12. Ke2 Qh5+
0-1

[Event "Championnat de France des Jeunes - Pupil"]
[Site "LE GRAND BORNAND"]
[Date "????.??.??"]
[Round "1.2"]
[White "Eid, Maha"]
[Black "Rei-Rosa, Sophie"]
[Result "1-0"]
[WhiteElo "1850"]
[BlackElo "1380"]
[PlyCount "53"]

1. d4 d5 2. c4 e6 3. Nc3 Nf6 4. Nf3 Be7 5. Bf4 O-O 6. e3 Nbd7 7. Rc1 dxc4 8.
Bxc4 b6 9. O-O Bb7 10. Qe2 c5 11. dxc5 Bxc5 12. Rfd1 Qe7 13. a3 e5 14. Bg3 Rac8
15. Bb5 Rfd8 16. Bh4 Bc6 17. Bxc6 Rxc6 18. Nd5 Qe8 19. b4 e4 20. Ne1 Rdc8 21.
Nxf6+ Nxf6 22. bxc5 Rxc5 23. Rxc5 Rxc5 24. Bxf6 gxf6 25. h3 Rg5 26. Nc2 Qc8 27.
Kh1 1-0

[Event "Championnat de France des Jeunes - Pupil"]
[Site "LE GRAND BORNAND"]
[Date "????.??.??"]
[Round "1.3"]
[White "Sonet, Kelly"]
[Black "Bekhouche, Marion"]
[Result "0-1"]
[WhiteElo "1380"]
[BlackElo "1756"]
[PlyCount "46"]

1. d4 Nf6 2. c4 e6 3. Nc3 Bb4 4. Bg5 c5 5. e3 Qa5 6. Nge2 Ne4 7. Bf4 Nxc3 8.
Nxc3 Bxc3+ 9. bxc3 Qxc3+ 10. Ke2 Qxc4+ 11. Ke1 Qc3+ 12. Ke2 cxd4 13. exd4 Nc6
14. Be3 b6 15. Rc1 Qa5 16. a4 O-O 17. Bd2 Nxd4+ 18. Ke1 Qe5+ 19. Be3 Nf5 20.
Qf3 Nxe3 21. Qxa8 Qa5+ 22. Ke2 Ba6+ 23. Kxe3 Rxa8 0-1